000 00577nam a2200181 i 4500
001 20352
003 ES-MaACL
005 20250809024228.0
007 t|
008 021112s1972 sp |||| | spa d
100 1 _aAguilar Navarro, Manuel.
_918739
245 1 0 _aEnsayo de delimitación del derecho internacional económico /
_cde M. Aguilar Navarro.
260 _aMadrid :
_bUniversidad, Departamento de Derecho de Trabajo,
_c1972.
300 _a71 p. ;
_c22 cm.
650 0 7 _aDerecho internacional
_2embne
_911717
852 _aES-MaACL
_jC-43763
999 _c20352
_d20352